Al tercer día (Record no. 95116)

MARC details
000 -LEADER
campo de control de longitud fija 00807nam a2200229 i 4500
001 - NÚMERO DE CONTROL
campo de control 95116
003 - IDENTIFICADOR DE NÚMERO DE CONTROL
campo de control ES-MaACL
005 - FECHA Y HORA DE LA ÚLTIMA TRANSACCIÓN
campo de control 20230906181635.0
007 - CAMPO FIJO DE DESCRIPCIÓN FÍSICA--INFORMACIÓN GENERAL
campo de control de longitud fija t|
008 - DATOS DE LONGITUD FIJA--INFORMACIÓN GENERAL
campo de control de longitud fija 050523s1955 sp ||||1| spa d
100 1# - ENTRADA PRINCIPAL--NOMBRE DE PERSONA
Nombre de persona Lunn, Arnold.
9 (RLIN) 74792
245 10 - MENCIÓN DEL TÍTULO
Título Al tercer día
Resto del título : la prueba terminante de la Resurrección /
Mención de responsabilidad, etc. Arnold Lunn ; [versión española de J.P. Fitzgibbon en colaboración con Julio Gómez de la Serna].
260 ## - PUBLICACIÓN, DISTRIBUCIÓN, ETC.
Lugar de publicación, distribución, etc. Madrid :
Nombre del editor, distribuidor, etc. Ediciones y Publicaciones Españolas,
Fecha de publicación, distribución, etc. 1955.
300 ## - DESCRIPCIÓN FÍSICA
Extensión 287 p. ;
Dimensiones 20 cm.
490 1# - MENCIÓN DE SERIE
Mención de serie Pax romana
600 14 - PUNTO DE ACCESO ADICIONAL DE MATERIA--NOMBRE DE PERSONA
Nombre de persona Jesucristo-
Subdivisión general Resurrección.
9 (RLIN) 165795
700 1# - ENTRADA AGREGADA--NOMBRE PERSONAL
Nombre de persona Fitzgibbon, John Paul.
9 (RLIN) 51074
700 1# - ENTRADA AGREGADA--NOMBRE PERSONAL
Nombre de persona Gómez de la Serna, Julio,
Fechas asociadas al nombre 1895-1983
9 (RLIN) 57899
830 1# - PUNTO DE ACCESO ADICIONAL DE SERIE-TÍTULO UNIFORME
Título uniforme Pax romana
9 (RLIN) 182690
852 ## - LOCALIZACIÓN
Ubicación ES-MaACL
Número de control de estantería C-10474
Holdings
Estatus retirado Estado de pérdida Estado de daño No para préstamo Biblioteca de origen Biblioteca actual Ubicación en estantería Fecha de adquisición Fuente de adquisición Total de préstamos Signatura topográfica completa Código de barras Visto por última vez Precio de reemplazo Tipo de ítem Koha
        Biblioteca del Ateneo de Madrid Biblioteca del Ateneo de Madrid Sala Palomar 17/01/2008     C-10474 1099325 23/02/2023 23/02/2023 Libro impreso